Tratado de piscicultura de agua dulce y breve reseña sobre la piscifactoriá central de España / (Record no. 49080)

MARC details
000 -LEADER
campo de control de longitud fija 00488nam a2200145 i 4500
001 - NÚMERO DE CONTROL
campo de control 49080
003 - IDENTIFICADOR DE NÚMERO DE CONTROL
campo de control ES-MaACL
007 - CAMPO FIJO DE DESCRIPCIÓN FÍSICA--INFORMACIÓN GENERAL
campo de control de longitud fija t|
008 - DATOS DE LONGITUD FIJA--INFORMACIÓN GENERAL
campo de control de longitud fija 030707s1917 sp ||||1| spa d
100 1# - ENTRADA PRINCIPAL--NOMBRE DE PERSONA
Nombre de persona Corrales Puyol, Severino.
9 (RLIN) 40738
245 10 - MENCIÓN DEL TÍTULO
Título Tratado de piscicultura de agua dulce y breve reseña sobre la piscifactoriá central de España /
Mención de responsabilidad, etc. Severino Corrales Puyol.
260 ## - PUBLICACIÓN, DISTRIBUCIÓN, ETC.
Lugar de publicación, distribución, etc. Madrid :
Nombre del editor, distribuidor, etc. [s.n.],
Fecha de publicación, distribución, etc. 1917 (
Fabricante Vda. de Cont. Alvarez)
300 ## - DESCRIPCIÓN FÍSICA
Extensión 160 p. ;
Dimensiones 19 cm.
852 ## - LOCALIZACIÓN
Ubicación ES-MaACL
Número de control de estantería G-3213
Holdings
Estatus retirado Estado de pérdida Estado de daño No para préstamo Biblioteca de origen Biblioteca actual Ubicación en estantería Fecha de adquisición Fuente de adquisición Total de préstamos Signatura topográfica completa Código de barras Visto por última vez Precio de reemplazo Tipo de ítem Koha
        Biblioteca del Ateneo de Madrid Biblioteca del Ateneo de Madrid Depósito 2 17/01/2008     G-3213 1051652 23/02/2023 23/02/2023 Libro impreso